| 000 | 01236cam a2200361 i 4500 | ||
|---|---|---|---|
| 999 |
_c41485 _d41485 |
||
| 001 | 17389146 | ||
| 003 | OSt | ||
| 005 | 20221026105937.0 | ||
| 008 | 120717s2013 caua b 001 0 eng | ||
| 010 | _a 2012944559 | ||
| 020 | _a9789351500827 | ||
| 020 | _a9781446249178 (Cloth) | ||
| 020 | _a9781446249185 (pbk) | ||
| 040 |
_aDLC _beng _erda _cDLC |
||
| 042 | _apcc | ||
| 050 | 0 | 0 |
_aHA32 _b.F54 2013 |
| 082 |
_a300.72 _bFIE/D |
||
| 100 | 1 |
_aField, Andy P. _99055 |
|
| 240 | 1 | 0 | _aDiscovering statistics using SPSS |
| 245 | 1 | 0 |
_aDiscovering statistics using IBM SPSS statistics / _cAndy Field. |
| 250 | _a4th edition. | ||
| 264 | 1 |
_aLos Angeles : _bSage, _c[2013] |
|
| 300 |
_axxxvi, 915 pages : _billustrations ; _c28 cm |
||
| 336 |
_atext _btxt _2rdacontent |
||
| 337 |
_aunmediated _bn _2rdamedia |
||
| 338 |
_avolume _bnc _2rdacarrier |
||
| 504 | _aIncludes bibliographical references and index. | ||
| 630 | 0 | 0 | _aSPSS for Windows. |
| 650 | 0 |
_aSocial sciences _xStatistical methods _xComputer programs. |
|
| 906 |
_a7 _bcbc _corigres _d3 _encip _f20 _gy-gencatlg |
||
| 942 |
_2ddc _cBK _h300.72 _iFIE/D _k300.72 _mFIE/D |
||